00799nam a2200217 a 4500020001500000040000800015082002600023100002300049245003300072260012700105300002900232500001700261650001700278650003400295650001800329710004200347710001800389942001000407999001700417952014700434 a0886566290 cDLC00a633 GRA 1995 C160 Or.1 aAbouguendia, Z. M.10aSeeded native range plants / a[Saskatchewan] :bGrazing and Pasture Technology Program and Extension Service, Saskatchewan Agriculture and Food,c[1995] a32 p. :b1 map ;c28 cm. aCover title. 0aRange plants 0aNative plants for cultivation 0aRange ecology2 aGrazing & Pasture Technology Program.1 aSaskatchewan. cAEDBB c19088d19088 0010406633_000000000000000_GRA_1995_C160_OR70983862aLBCbLBCcC160d2020-03-11eA38840o633 GRA 1995 C160 Or.r2020-03-11w2020-03-11yEK